| 000 | 00435nam a22001577a 4500 | ||
|---|---|---|---|
| 003 | NUST | ||
| 038 | _aNusrat Nadeem | ||
| 082 | _a200 | ||
| 100 |
_aAhmed Saad _929829 |
||
| 245 |
_aPhantom Solar / _cSaad Ahmed |
||
| 264 |
_aIslamabad. _bNBS NUST _c2023. |
||
| 650 |
_aExecutive MBA _9125080 |
||
| 700 |
_aSupervisor: Dr. Zaryab Sheikh _9120106 |
||
| 856 | _u http://10.250.8.41:8080/xmlui/handle/123456789/51420 | ||
| 942 |
_2ddc _cSC |
||
| 999 |
_c613521 _d613521 |
||